[Event "Wloclawek CC Classic 13th"]
[Site "Wloclawek"]
[Date "2015.??.??"]
[Round "3"]
[White "Augustowski, Janusz"]
[Black "Pitula, Adam"]
[Result "1-0"]
[WhiteElo "1768"]
[BlackElo "1298"]
[PlyCount "97"]
[EventDate "2015.04.??"]
[EventType "swiss"]
[EventRounds "7"]
[EventCountry "POL"]
[SourceTitle "EXT 2021"]
[Source "ChessBase"]
[SourceDate "2020.10.23"]
[SourceVersion "1"]
[SourceVersionDate "2020.10.23"]
[SourceQuality "1"]

1. d4 d5 2. Nf3 Nc6 3. g3 g6 4. Bg2 Bg7 5. 0-0 Nf6 6. c3 0-0 7. Ne5 Qd6 8. Bf4 Qd8 9. Nxc6 bxc6 10. Qa4 Bd7 11. Qa5 Ne8 12. e4 dxe4 13. Bxe4 f5 14. Bg2 Nd6 15. Nd2 Qb8 16. b4 Qb6 17. Nb3 Rac8 18. Rfe1 Bf6 19. h4 Nc4 20. Qc5 Qxc5 21. Nxc5 Be8 22. Ne6 Rf7 23. Bxc7 Na3 24. Rac1 Bd7 25. Bf4 Nc4 26. Nc5 Be8 27. Bf1 Nb6 28. a4 Nd5 29. Bd2 h5 30. Ba6 Rb8 31. Bc4 Kh8 32. Bf4 Ra8 33. a5 Rh7 34. Bxd5 cxd5 35. Be5 Bb5 36. Re3 Bc4 37. Rce1 Rf7 38. Bxf6+ exf6 39. Re8+ Rxe8 40. Rxe8+ Kh7 41. Re6 g5 42. Rd6 gxh4 43. Rd7 Rxd7 44. Nxd7 hxg3 45. fxg3 Kg7 46. Kf2 a6 47. Kf3 Kg6 48. Kf4 Bd3 49. Nb6 1-0

[Event "Wloclawek CC Classic 12th"]
[Site "Wloclawek"]
[Date "2015.??.??"]
[Round "1"]
[White "Cichocki, Konrad"]
[Black "Pitula, Adam"]
[Result "1-0"]
[WhiteElo "1881"]
[BlackElo "1309"]
[PlyCount "53"]
[EventDate "2015.03.??"]
[EventType "swiss"]
[EventRounds "7"]
[EventCountry "POL"]
[SourceTitle "EXT 2021"]
[Source "ChessBase"]
[SourceDate "2020.10.23"]
[SourceVersion "1"]
[SourceVersionDate "2020.10.23"]
[SourceQuality "1"]

1. e4 e5 2. Nf3 d6 3. Bc4 Bg4 4. d4 Bxf3 5. Qxf3 Qf6 6. dxe5 Qxf3 7. gxf3 dxe5 8. Nc3 Bb4 9. Bd2 Bxc3 10. Bxc3 f6 11. 0-0-0 Nd7 12. Rd2 0-0-0 13. Rhd1 Ne7 14. Be6 Nc6 15. Rxd7 Kb8 16. Rxd8+ Nxd8 17. Bd7 c6 18. Bb4 Kc7 19. Be7 b6 20. Bh3 Nf7 21. Rd7+ Kb8 22. Bxf6 gxf6 23. Rxf7 c5 24. Rxf6 Rg8 25. f4 Rg1+ 26. Kd2 exf4 27. e5 1-0

[Event "Wloclawek CC Classic 14th"]
[Site "Wloclawek"]
[Date "2015.??.??"]
[Round "6"]
[White "Cichocki, Konrad"]
[Black "Pitula, Adam"]
[Result "1-0"]
[WhiteElo "1927"]
[BlackElo "1285"]
[PlyCount "67"]
[EventDate "2015.06.??"]
[EventType "swiss"]
[EventRounds "7"]
[EventCountry "POL"]
[SourceTitle "EXT 2021"]
[Source "ChessBase"]
[SourceDate "2020.10.23"]
[SourceVersion "1"]
[SourceVersionDate "2020.10.23"]
[SourceQuality "1"]

1. e4 g6 2. d4 Bg7 3. Nf3 d6 4. Bd3 Bg4 5. c3 c6 6. 0-0 Nd7 7. Nbd2 Qa5 8. h3 Bxf3 9. Nxf3 b5 10. Re1 c5 11. e5 dxe5 12. Nxe5 Nxe5 13. dxe5 Qc7 14. Bxb5+ Kf8 15. e6 Rd8 16. Qf3 f6 17. Bf4 Qb6 18. Rad1 Bh6 19. Rxd8+ Qxd8 20. Rd1 Qb6 21. Bxh6+ Nxh6 22. Qc6 Qxc6 23. Bxc6 Nf5 24. Rd7 a6 25. Ra7 h5 26. Rxa6 h4 27. Ra8+ Kg7 28. Rxh8 Kxh8 29. a4 Nd6 30. b4 cxb4 31. cxb4 Nc8 32. a5 Kg7 33. b5 Na7 34. Bd7 1-0

[Event "Wloclawek CC Classic 13th"]
[Site "Wloclawek"]
[Date "2015.??.??"]
[Round "5"]
[White "Pitula, Adam"]
[Black "Lebiedzinski, Maciej"]
[Result "0-1"]
[WhiteElo "1298"]
[BlackElo "1612"]
[PlyCount "104"]
[EventDate "2015.04.??"]
[EventType "swiss"]
[EventRounds "7"]
[EventCountry "POL"]
[SourceTitle "EXT 2021"]
[Source "ChessBase"]
[SourceDate "2020.10.23"]
[SourceVersion "1"]
[SourceVersionDate "2020.10.23"]
[SourceQuality "1"]

1. d4 d5 2. Nf3 g6 3. Bf4 Bg7 4. e3 Nf6 5. Nbd2 Nc6 6. Bb5 Bd7 7. h3 Nb4 8. Bxd7+ Nxd7 9. 0-0 0-0 10. a3 Nc6 11. Rb1 e5 12. dxe5 Ncxe5 13. Bh2 c6 14. b3 Re8 15. Re1 f5 16. c4 Nxf3+ 17. Qxf3 Nf6 18. Red1 Qe7 19. a4 Rad8 20. Bf4 Ne4 21. Nxe4 dxe4 22. Qe2 Rxd1+ 23. Rxd1 Rd8 24. Rc1 Rd3 25. Qc2 Qd7 26. c5 Rc3 27. Qb1 Qd3 28. Rd1 Qxb1 29. Rxb1 Rxc5 30. b4 Rd5 31. Kh2 a6 32. Bc7 Be5+ 33. Bxe5 Rxe5 34. Rb2 Kf7 35. Kg3 g5 36. h4 h6 37. hxg5 hxg5 38. f4 exf3 39. Kxf3 g4+ 40. Kf4 Kf6 41. Rb3 Re4+ 42. Kg3 Kg5 43. Kf2 b5 44. axb5 axb5 45. Rb1 Rc4 46. Rb2 f4 47. exf4+ Kxf4 48. g3+ Kg5 49. Kg2 Kf5 50. Kf2 Ke4 51. Ke2 Kd4 52. Rb3 Rc3 0-1

[Event "Wloclawek CC Classic 12th"]
[Site "Wloclawek"]
[Date "2015.??.??"]
[Round "6"]
[White "Pitula, Adam"]
[Black "Wojcik, Bartlomiej"]
[Result "1-0"]
[WhiteElo "1309"]
[BlackElo "1000"]
[PlyCount "69"]
[EventDate "2015.03.??"]
[EventType "swiss"]
[EventRounds "7"]
[EventCountry "POL"]
[SourceTitle "EXT 2021"]
[Source "ChessBase"]
[SourceDate "2020.10.23"]
[SourceVersion "1"]
[SourceVersionDate "2020.10.23"]
[SourceQuality "1"]

1. d4 d5 2. Nf3 e6 3. Bf4 Nf6 4. e3 c5 5. Bb5+ Bd7 6. Bxd7+ Nbxd7 7. 0-0 c4 8. c3 b5 9. Nbd2 a5 10. h3 Qb6 11. Re1 Bd6 12. Bxd6 Qxd6 13. e4 dxe4 14. Nxe4 Nxe4 15. Rxe4 0-0 16. Rb1 Nf6 17. Re5 Nd5 18. Ng5 g6 19. Ne4 Qc6 20. Nc5 Nf6 21. Ne4 Nd5 22. Nc5 Nf6 23. Qc1 Nd7 24. Nxd7 Qxd7 25. Qe3 Rfe8 26. Re1 Ra6 27. Qg5 Rb6 28. h4 Kg7 29. Qe3 f6 30. Rc5 Rc8 31. Rxc8 Qxc8 32. d5 Rb7 33. dxe6 Qc6 34. e7 Rb8 35. e8Q 1-0

[Event "Wloclawek CC Classic 12th"]
[Site "Wloclawek"]
[Date "2015.??.??"]
[Round "7"]
[White "Rafalski, Kacper"]
[Black "Pitula, Adam"]
[Result "1-0"]
[WhiteElo "1335"]
[BlackElo "1309"]
[PlyCount "127"]
[EventDate "2015.03.??"]
[EventType "swiss"]
[EventRounds "7"]
[EventCountry "POL"]
[SourceTitle "EXT 2021"]
[Source "ChessBase"]
[SourceDate "2020.10.23"]
[SourceVersion "1"]
[SourceVersionDate "2020.10.23"]
[SourceQuality "1"]

1. e4 g6 2. d4 Bg7 3. Nf3 d6 4. Bc4 Bg4 5. Be3 Nf6 6. Nbd2 0-0 7. h3 Bxf3 8. Qxf3 c6 9. Bb3 Qa5 10. c3 Nbd7 11. 0-0 c5 12. Rfd1 b5 13. a4 c4 14. axb5 Qxb5 15. Bxc4 Qb6 16. b4 Qc7 17. Bg5 Nb6 18. Bxf6 exf6 19. Ba6 Rfd8 20. Qd3 d5 21. f3 Bh6 22. Ra2 Rd6 23. Rc2 Bxd2 24. Rdxd2 Re8 25. Re2 Rde6 26. Bb5 Rd8 27. c4 dxe4 28. fxe4 Re5 29. c5 Nc8 30. d5 Rg5 31. d6 Qb8 32. d7 Ne7 33. Qd6 Qxb5 34. Qxf6 Rxd7 35. Qxg5 Nc6 36. Rcd2 Nd4 37. Rf2 Ne6 38. Qf6 Rxd2 39. Qxf7+ Kh8 40. Qf6+ Kg8 41. Qxe6+ Kg7 42. Qf6+ Kh6 43. Qf8+ Kh5 44. g4+ Kh4 45. Qh6+ Kg3 46. Qe3+ Kh4 47. Qxd2 Qa4 48. Qe1 Kg5 49. e5 Qb3 50. h4+ Kh6 51. g5+ Kg7 52. e6 Qg3+ 53. Kf1 Qh3+ 54. Kg1 Qg3+ 55. Kf1 Qh3+ 56. Ke2 Qxe6+ 57. Kd2 Qa2+ 58. Kd3 Qd5+ 59. Kc3 Qd7 60. Qe5+ Kg8 61. Qf6 Qh3+ 62. Rf3 Qc8 63. Qf7+ Kh8 64. Qf8+ 1-0

[Event "Wloclawek CC Classic 11th"]
[Site "Wloclawek"]
[Date "2014.??.??"]
[Round "7"]
[White "Milecki, Robert"]
[Black "Pitula, Adam"]
[Result "1-0"]
[WhiteElo "1509"]
[BlackElo "1315"]
[PlyCount "61"]
[EventDate "2014.06.??"]
[EventType "swiss"]
[EventRounds "7"]
[EventCountry "POL"]
[SourceTitle "EXT 2021"]
[Source "ChessBase"]
[SourceDate "2020.10.23"]
[SourceVersion "1"]
[SourceVersionDate "2020.10.23"]
[SourceQuality "1"]

1. e4 g6 2. d4 Bg7 3. Nf3 d6 4. Nc3 Bg4 5. Be3 e5 6. d5 Ne7 7. Qd2 Bxf3 8. gxf3 0-0 9. h4 f5 10. Bh6 f4 11. Bxg7 Kxg7 12. 0-0-0 Nd7 13. Bh3 Nb6 14. h5 Rf6 15. Rdg1 Qe8 16. Qe2 a6 17. Qf1 Na4 18. Nxa4 Qxa4 19. Kb1 Qb5 20. Qg2 a5 21. Qh2 Ra6 22. Be6 Rb6 23. b3 g5 24. Rxg5+ Kf8 25. Rhg1 Ke8 26. Rg7 a4 27. Qh4 axb3 28. axb3 Qa4 29. Rxe7+ Kxe7 30. Rg7+ Ke8 31. Bd7+ 1-0

[Event "Wloclawek CC Classic 10th"]
[Site "Wloclawek"]
[Date "2014.??.??"]
[Round "1"]
[White "Oborski, Zbigniew"]
[Black "Pitula, Adam"]
[Result "0-1"]
[WhiteElo "1400"]
[BlackElo "1315"]
[PlyCount "86"]
[EventDate "2014.04.??"]
[EventType "swiss"]
[EventRounds "7"]
[EventCountry "POL"]
[SourceTitle "EXT 2021"]
[Source "ChessBase"]
[SourceDate "2020.10.23"]
[SourceVersion "1"]
[SourceVersionDate "2020.10.23"]
[SourceQuality "1"]

1. d4 d5 2. Nf3 Bf5 3. g3 Nf6 4. Bg2 e6 5. 0-0 Bd6 6. Re1 h6 7. b3 Nbd7 8. Bb2 0-0 9. Nbd2 Nb6 10. Ne5 c5 11. e4 dxe4 12. Nxe4 Nxe4 13. Bxe4 Bxe4 14. Rxe4 Nd5 15. Qd3 Nf6 16. Rh4 Bxe5 17. dxe5 Qxd3 18. cxd3 Nd5 19. Rc1 b6 20. Kg2 Nb4 21. d4 Rac8 22. dxc5 Nd3 23. Rc2 Ne1+ 24. Kh3 Nxc2 25. cxb6 axb6 26. a4 Rfd8 27. Re4 Rd2 28. Rc4 Rxc4 29. bxc4 Nd4 30. Bc3 Rd3 31. Bb4 Nc6 32. Bd6 Rd4 33. c5 bxc5 34. Bxc5 Rxa4 35. Bd6 Ra5 36. f4 Kh7 37. Kg4 Kg6 38. Bc7 h5+ 39. Kh4 Ra2 40. Kh3 Kf5 41. Bb6 Rb2 42. Bg1 g5 43. Be3 g4+ 0-1

[Event "Wloclawek CC Classic 10th"]
[Site "Wloclawek"]
[Date "2014.??.??"]
[Round "2"]
[White "Pitula, Adam"]
[Black "Jeziorny, Janusz"]
[Result "0-1"]
[WhiteElo "1315"]
[BlackElo "1752"]
[PlyCount "103"]
[EventDate "2014.04.??"]
[EventType "swiss"]
[EventRounds "7"]
[EventCountry "POL"]
[SourceTitle "EXT 2021"]
[Source "ChessBase"]
[SourceDate "2020.10.23"]
[SourceVersion "1"]
[SourceVersionDate "2020.10.23"]
[SourceQuality "1"]

1. d4 Nf6 2. Bf4 d5 3. Nf3 c6 4. e3 Qb6 5. b3 Bg4 6. Nbd2 Nbd7 7. Bd3 c5 8. c3 e6 9. 0-0 Bd6 10. Qb1 cxd4 11. cxd4 Bxf4 12. exf4 Bh5 13. Re1 0-0 14. h3 Bg6 15. Bxg6 hxg6 16. g4 Rfe8 17. Qb2 Qd6 18. Ne5 Nf8 19. a4 Rac8 20. Qa3 Qxa3 21. Rxa3 Rc2 22. Nef3 Rec8 23. Raa1 N8d7 24. Kg2 Nb8 25. b4 Nc6 26. Rac1 Nxb4 27. Rxc2 Rxc2 28. Rb1 a5 29. Rd1 Nd7 30. Nb3 b6 31. f5 gxf5 32. gxf5 exf5 33. Ng5 Nf6 34. Nd2 Ne4 35. Ndxe4 fxe4 36. Kg3 f6 37. Ne6 Kf7 38. Nf4 g5 39. Ng2 f5 40. f4 Rc3+ 41. Kh2 Rd3 42. Rc1 Rxd4 43. fxg5 Nd3 44. Rc7+ Kg6 45. h4 Rc4 46. Rd7 Rc6 47. Rxd5 f4 48. Rd4 f3 49. Ne3 Re6 50. Rd8 f2 51. Rg8+ Kh7 52. Rf8 0-1

[Event "Wloclawek CC Classic 09th"]
[Site "Wloclawek"]
[Date "2014.??.??"]
[Round "3"]
[White "Pitula, Adam"]
[Black "Rafalski, Kacper"]
[Result "1/2-1/2"]
[WhiteElo "1342"]
[BlackElo "1321"]
[PlyCount "47"]
[EventDate "2014.03.??"]
[EventType "swiss"]
[EventRounds "7"]
[EventCountry "POL"]
[SourceTitle "EXT 2021"]
[Source "ChessBase"]
[SourceDate "2020.10.23"]
[SourceVersion "1"]
[SourceVersionDate "2020.10.23"]
[SourceQuality "1"]

1. d4 d5 2. Bf4 Nf6 3. Nf3 e6 4. a3 c5 5. b3 Nc6 6. e3 cxd4 7. exd4 Bd6 8. Bg5 0-0 9. Be2 h6 10. Bh4 Be7 11. Bg3 a6 12. 0-0 b5 13. c3 Bb7 14. Ne5 Ne4 15. Nxc6 Bxc6 16. Bd3 Nxg3 17. fxg3 Rc8 18. Ra2 Bg5 19. Kh1 f5 20. Qe2 Qd6 21. Qe5 Qxe5 22. dxe5 Bd7 23. h4 Be3 24. Kh2 1/2-1/2

[Event "Wloclawek CC Classic 06th"]
[Site "Wloclawek"]
[Date "2013.??.??"]
[Round "2"]
[White "Pitula, Adam"]
[Black "Stefanski, Jan"]
[Result "0-1"]
[WhiteElo "1342"]
[BlackElo "1800"]
[PlyCount "62"]
[EventDate "2013.03.??"]
[EventType "swiss"]
[EventRounds "7"]
[EventCountry "POL"]
[SourceTitle "EXT 2021"]
[Source "ChessBase"]
[SourceDate "2020.10.23"]
[SourceVersion "1"]
[SourceVersionDate "2020.10.23"]
[SourceQuality "1"]

1. e4 c5 2. Nf3 Nc6 3. Nc3 d6 4. d4 cxd4 5. Nxd4 a6 6. Bc4 Nf6 7. f3 Qb6 8. Nxc6 bxc6 9. b3 e6 10. Na4 Qa7 11. g4 Nd7 12. Bg5 Ne5 13. Nb2 Be7 14. Bf4 0-0 15. g5 Ng6 16. Bc1 d5 17. Bd3 Bb4+ 18. Kf1 Bb7 19. a3 Bc3 20. Rb1 dxe4 21. fxe4 Rad8 22. Na4 Be5 23. b4 Qb8 24. Qe2 Bf4 25. Nc5 Bxc1 26. Rxc1 Qf4+ 27. Kg2 Qxg5+ 28. Kf2 Bc8 29. Rcg1 Qh4+ 30. Rg3 Qf6+ 31. Ke3 Qf4# 0-1

[Event "Wloclawek CC Classic 08th"]
[Site "Wloclawek"]
[Date "2013.??.??"]
[Round "4"]
[White "Wieckowska, Oliwia"]
[Black "Pitula, Adam"]
[Result "1/2-1/2"]
[WhiteElo "1400"]
[BlackElo "1342"]
[PlyCount "162"]
[EventDate "2013.06.??"]
[EventType "swiss"]
[EventRounds "7"]
[EventCountry "POL"]
[SourceTitle "EXT 2021"]
[Source "ChessBase"]
[SourceDate "2020.10.23"]
[SourceVersion "1"]
[SourceVersionDate "2020.10.23"]
[SourceQuality "1"]

1. e4 b6 2. Nc3 e5 3. Nf3 d6 4. Bc4 h6 5. 0-0 Ba6 6. d3 Bxc4 7. dxc4 c6 8. b3 Be7 9. Bb2 Na6 10. Qe2 Nc7 11. Rad1 Bf6 12. Rfe1 Ne7 13. h3 Ng6 14. Qe3 0-0 15. Qd3 Be7 16. Rd2 Nf4 17. Qe3 Qc8 18. Kh1 g5 19. Nh2 h5 20. Qg3 h4 21. Qg4 Qxg4 22. Nxg4 Kg7 23. Kh2 Rad8 24. g3 hxg3+ 25. fxg3 Nfe6 26. Rf1 f6 27. Rdf2 Rf7 28. Kg2 Rh8 29. Bc1 Ne8 30. Bd2 Kg6 31. Ne2 Rfh7 32. Ng1 Rf7 33. Be3 c5 34. Bd2 Rhf8 35. h4 gxh4 36. gxh4 Rh8 37. Kg3 N6g7 38. Be3 Nh5+ 39. Kh3 Kg7 40. Bd2 Kg6 41. Bc1 Kg7 42. Be3 Kg6 43. Bd2 Kg7 44. Bc1 Nf4+ 45. Bxf4 exf4 46. Rxf4 f5 47. Rxf5 Rxh4+ 48. Kg3 Rxf5 49. Rxf5 Rh1 50. Nf3 Rc1 51. Ng5 Bxg5 52. Rxg5+ Kf8 53. Rf5+ Ke7 54. Kh4 Rxc2 55. Kg5 Rg2 56. e5 dxe5 57. Rxe5+ Kd8 58. Rd5+ Kc7 59. Re5 Nd6 60. Re7+ Kb8 61. Rd7 Ne4+ 62. Kf4 Kc8 63. Re7 Nd6 64. Ke5 Rxg4 65. Kxd6 Rd4+ 66. Kc6 Kd8 67. Rxa7 Ke8 68. Rh7 Kf8 69. Ra7 Rd8 70. Rh7 Kg8 71. Ra7 Rc8+ 72. Rc7 Ra8 73. Kd6 Rxa2 74. Re7 Rd2+ 75. Ke6 Re2+ 76. Kd7 Rd2+ 77. Ke8 Rd3 78. Re4 Kg7 79. Ke7 Kg6 80. Ke6 Kg5 81. Ke5 Rxb3 1/2-1/2

[Event "Wloclawek CC Classic 08th"]
[Site "Wloclawek"]
[Date "2013.??.??"]
[Round "5"]
[White "Zajaczkowski, Jan"]
[Black "Pitula, Adam"]
[Result "1-0"]
[WhiteElo "1976"]
[BlackElo "1342"]
[PlyCount "91"]
[EventDate "2013.06.??"]
[EventType "swiss"]
[EventRounds "7"]
[EventCountry "POL"]
[SourceTitle "EXT 2021"]
[Source "ChessBase"]
[SourceDate "2020.10.23"]
[SourceVersion "1"]
[SourceVersionDate "2020.10.23"]
[SourceQuality "1"]

1. Nf3 g6 2. e4 d6 3. d4 Bg7 4. Bc4 Bg4 5. Bxf7+ Kxf7 6. Ng5+ Ke8 7. Qxg4 Qd7 8. Qf3 Nh6 9. Be3 Bf6 10. Nc3 Bxg5 11. Bxg5 Rf8 12. Qe2 Ng8 13. 0-0-0 h6 14. Be3 a6 15. f4 h5 16. d5 c6 17. Na4 cxd5 18. Nb6 Qb5 19. Qxb5+ axb5 20. Nxa8 dxe4 21. Nc7+ Kf7 22. Nxb5 Nf6 23. h3 Rd8 24. c4 Nc6 25. a3 Ra8 26. Rhf1 Na5 27. c5 dxc5 28. f5 Nc4 29. fxg6+ Kxg6 30. Rfe1 b6 31. Nc7 Rc8 32. Nd5 Re8 33. Nf4+ Kf7 34. Nd5 Rb8 35. Bf4 e5 36. Nxf6 Kxf6 37. Rxe4 b5 38. b3 exf4 39. bxc4 Kf5 40. Rde1 bxc4 41. Rxc4 Rb5 42. Ree4 Rb3 43. Rxf4+ Ke5 44. a4 Ra3 45. Rf3 Ra2 46. g4 1-0

[Event "Wloclawek CC Classic 04th"]
[Site "Wloclawek"]
[Date "2012.??.??"]
[Round "4"]
[White "Kaczynski, Maciej"]
[Black "Pitula, Adam"]
[Result "1/2-1/2"]
[WhiteElo "1800"]
[BlackElo "1600"]
[PlyCount "116"]
[EventDate "2012.04.??"]
[EventType "swiss"]
[EventRounds "7"]
[EventCountry "POL"]
[SourceTitle "EXT 2021"]
[Source "ChessBase"]
[SourceDate "2020.10.23"]
[SourceVersion "1"]
[SourceVersionDate "2020.10.23"]
[SourceQuality "1"]

1. f4 Nc6 2. e4 e6 3. Nf3 Bc5 4. c3 Nf6 5. d4 Be7 6. Bd3 d5 7. e5 Ng4 8. 0-0 Nh6 9. b4 a6 10. a4 Bd7 11. h3 f6 12. g4 f5 13. g5 Ng8 14. Nh4 g6 15. Be3 Kf7 16. Nf3 h6 17. h4 h5 18. Qb3 Bf8 19. Nbd2 Nge7 20. c4 Bc8 21. b5 Na5 22. Qc3 b6 23. c5 Rh7 24. Rfc1 Ra7 25. Nb3 Nc4 26. Bxc4 dxc4 27. Qxc4 Nd5 28. Kf2 Kg8 29. a5 axb5 30. Qxb5 Bd7 31. c6 Be8 32. Nfd2 Bb4 33. Nc4 Nc3 34. axb6 Nxb5 35. bxa7 Bxc6 36. Nb6 Nxa7 37. Rxa7 cxb6 38. Rxh7 Kxh7 39. Rxc6 Qd5 40. Rc7+ Kg8 41. Nc1 Ba5 42. Ne2 Qd8 43. Rc6 Qd5 44. Rd6 Qh1 45. Rxe6 Qh2+ 46. Kf3 Qh1+ 47. Kg3 Qe1+ 48. Kf3 Qh1+ 49. Kg3 Qe1+ 50. Bf2 Qxe2 51. Rxg6+ Kf7 52. Rf6+ Kg7 53. e6 Qg4+ 54. Kh2 Qxf4+ 55. Kg2 Qe4+ 56. Kf1 Qh1+ 57. Ke2 Qe4+ 58. Kf1 Qh1+ 1/2-1/2

[Event "Wloclawek CC Classic 05th"]
[Site "Wloclawek"]
[Date "2012.??.??"]
[Round "4"]
[White "Lebiedzinski, Maciej"]
[Black "Pitula, Adam"]
[Result "1-0"]
[WhiteElo "1800"]
[BlackElo "1376"]
[PlyCount "111"]
[EventDate "2012.06.??"]
[EventType "swiss"]
[EventRounds "7"]
[EventCountry "POL"]
[SourceTitle "EXT 2021"]
[Source "ChessBase"]
[SourceDate "2020.10.23"]
[SourceVersion "1"]
[SourceVersionDate "2020.10.23"]
[SourceQuality "1"]

1. e4 e5 2. Nf3 d6 3. Be2 Nc6 4. c3 Nf6 5. d3 Be6 6. Nbd2 h6 7. Nf1 Be7 8. Ng3 Qd7 9. 0-0 0-0-0 10. d4 exd4 11. cxd4 d5 12. e5 Nh7 13. a3 f6 14. Bb5 Qe8 15. Qa4 Kb8 16. Bxc6 Qxc6 17. Qxc6 bxc6 18. b4 Ka8 19. Nh4 Nf8 20. Nf3 f5 21. Nh5 g6 22. Nf4 g5 23. Nd3 g4 24. Nd2 h5 25. Nb3 Bd7 26. Bd2 Ne6 27. f4 Rhg8 28. Rac1 Rb8 29. Be3 h4 30. Na5 Rb6 31. Rc2 Nd8 32. Rfc1 Rg6 33. Rb2 Nb7 34. Nxb7 Rxb7 35. Rcb1 Rb6 36. Nc5 Be8 37. a4 h3 38. g3 Bxc5 39. dxc5 Rb7 40. Bd4 a6 41. Kf2 Bd7 42. Ke3 Re6 43. Kd3 Re8 44. Bc3 Be6 45. Kd4 Rd8 46. b5 cxb5 47. axb5 Rdb8 48. b6 cxb6 49. Rxb6 Rxb6 50. Rxb6 Rxb6 51. cxb6 Kb8 52. Kc5 Bg8 53. Ba5 Be6 54. Kd6 Bg8 55. e6 d4 56. Ke5 1-0